00421nam a2200169Ia 4500003000400000008004100004040001600045082001300061100002000074245004800094260003100142300001000173650001500183650001200198650001900210650002200229GCL140319s9999 xx 000 0 eng d aGCL / cGCL04a843bN S1 aNAKAGAMI, KENJI10aSUR LES AILES DU SOLEIL / cNAKAGAMI, KENJI a[S.N] : bFAYARD ، c1984 a386 P04aLITERATURE04aFICTION04aFRENCH FICTION04aFRENCH LITERATURE